Tareekh dawat wa azmeiat. (Record no. 542184)

000 -LEADER
fixed length control field 00522nam a2200181Ia 4500
020 ## - INTERNATIONAL STANDARD BOOK NUMBER
International Standard Book Number (pbk)
082 ## - DEWEY DECIMAL CLASSIFICATION NUMBER
Classification number 297.09
Author Mark NAD
-- L-31.P-34
100 ## - MAIN ENTRY--PERSONAL NAME
Personal name Abul Hasan Ali Nadwi, Syed.
9 (RLIN) 37276
245 ## - TITLE STATEMENT
Title Tareekh dawat wa azmeiat.
260 ## - PUBLICATION, DISTRIBUTION, ETC.
Place of publication, distribution, etc. Islamabad:
Name of publisher, distributor, etc. Da'wah Academy,
Date of publication, distribution, etc. 1983
300 ## - PHYSICAL DESCRIPTION
Extent 4 vol,.
526 ## - STUDY PROGRAM INFORMATION NOTE
Program name 0
Interest level 0
Reading level 0
Title point value 297_090000000000000_NAD
526 ## - STUDY PROGRAM INFORMATION NOTE
Program name 0
Interest level 0
Reading level 0
Title point value 297_090000000000000_NAD
526 ## - STUDY PROGRAM INFORMATION NOTE
Program name 0
Interest level 0
Reading level 0
Title point value 297_090000000000000_NAD
650 ## - SUBJECT ADDED ENTRY--TOPICAL TERM
Topical term or geographic name entry element MCE
9 (RLIN) 379
650 ## - SUBJECT ADDED ENTRY--TOPICAL TERM
Topical term or geographic name entry element Pillars of Islam.
9 (RLIN) 37277
942 ## - ADDED ENTRY ELEMENTS (KOHA)
Source of classification or shelving scheme
Koha item type Book
Holdings
Withdrawn status Lost status Source of classification or shelving scheme Damaged status Not for loan Permanent Location Current Location Date acquired Total Checkouts Full call number Barcode Date last seen Price effective from Koha item type Public note
          Military College of Engineering (MCE) Military College of Engineering (MCE) 09/25/2013   297.09 NAD MCE-34515 09/25/2013 03/14/2021 Book Part 2.
          Military College of Engineering (MCE) Military College of Engineering (MCE) 09/25/2013   297.09 NAD MCE-9813 09/25/2013 03/14/2021 Book Part 3.
          Military College of Engineering (MCE) Military College of Engineering (MCE) 09/25/2013   297.09 NAD MCE-34516 09/25/2013 09/25/2013 Book Part 4
© 2023 Central Library, National University of Sciences and Technology. All Rights Reserved.